Europe by Any 2-Letter Combos Blitz Quiz Stats

 Plays Quiz Updated Aug 10, 2018

Challenge
Share
Tweet
Score 0/47 Timer 00:30
11 Plays Today
% Correct
Switzerland
94.3%
France
89.7%
Lithuania
89.5%
Poland
89.1%
United Kingdom
87.6%
Germany
87.1%
Ireland
87%
Vatican City
84%
Portugal
83.3%
Spain
83.3%
Finland
83.1%
Iceland
82%
San Marino
81.6%
Sweden
81.3%
Netherlands
79.9%
Italy
78.6%
Belarus
77.8%
Ukraine
74.5%
Montenegro
74%
Romania
73%
Russia
71.7%
Bosnia and Herzegovina
70.2%
Norway
69.8%
Albania
64.5%
% Correct
Denmark
64.3%
Slovenia
64.2%
Latvia
60.2%
Hungary
59.8%
Andorra
59.7%
Slovakia
59.4%
Austria
59.4%
Croatia
58.8%
Macedonia
57.9%
Estonia
56.1%
Turkey
55.3%
Greece
55.1%
Liechtenstein
54.9%
Czechia
52.7%
Serbia
52.6%
Bulgaria
52.2%
Cyprus
51.8%
Belgium
51.2%
Moldova
41.7%
Malta
41.3%
Luxembourg
37.9%
Monaco
36.2%
Kosovo
21.7%

You're not logged in!

Compare scores with friends on all Sporcle quizzes.
Join for Free
OR
Log In

You Might Also Like...

Show Comments

Extras

Top Quizzes Today


Score Distribution

Your Account Isn't Verified!

In order to create a playlist on Sporcle, you need to verify the email address you used during registration. Go to your Sporcle Settings to finish the process.

Report this User

Report this user for behavior that violates our Community Guidelines.

Details: